01068nam a2200229Ia 4500001000700000008004100007020002200048082001200070100001900082245022100101260010100322300001100423500006800434503002700502504003300529650002000562650002700582650002600609650002700635650002600662700015000688Z_2387220601s9999 xx 000 0 und d a978-607-12-0418-9 a630 C63 aCochet, Hubert aAgricultura comparada / Hubert Cochet ; traducción Jenny María del Pilar Enríquez Domínguez, Artemio Cruz León y Conrado Márquez Rosano; portada Jaime Peralta Benitez ; fotografia de portada Hubert Cochet aChapingo, Edo. México : UACh. Dirección de Centros Regionales Universitarios; Ediciones Quae a208 p. aTraducción de la obra en francés: L´agriculture comparée aeje.1: donación 2016 aBibliografía: p. 193 - 208 a1. Agricultura  aAgricultura comparada  aGestión agrícola  aEconomía agrícola  aEstructura agrícola aEnríquez Domínguez, Jenny María del Pilar, tr. \ Márquez Rosano, Conrado, tr. \ Peralta Benitez, Jaime, portada \ Cochet, Hubert, fot.Ì